| 000 | 00474nam a22001697a 4500 | ||
|---|---|---|---|
| 003 | OSt | ||
| 005 | 20260415081725.0 | ||
| 008 | 260415b |||||||| |||| 00| 0 eng d | ||
| 020 | _a0-316-03255-7 | ||
| 040 |
_aDWCL - Main Lib. _cOC |
||
| 082 | _aF M612 2007 | ||
| 100 |
_aMeyer, Stephenie _eAuthor |
||
| 245 |
_aTwilight saga : _beclipse / _cStephenie Meyer |
||
| 260 |
_aNew York : _bLittle Brown and Company, _cc2007 |
||
| 300 |
_a629 p. ; _c21 cm. |
||
| 942 |
_2ddc _cFIC. _n0 |
||
| 999 |
_c9468 _d9468 |
||